| 000 | 00562nam a2200181 i 4500 | ||
|---|---|---|---|
| 001 | 57811 | ||
| 003 | ES-MaACL | ||
| 005 | 20251019063042.0 | ||
| 007 | t| | ||
| 008 | 031017s1962 sp ||||1| spa d | ||
| 100 | 1 |
_aDostoievski, Fiódor, _d1821-1881 _9242371 |
|
| 245 | 1 | 0 |
_aCrimen y castigo / _cFedor Mikhaylowich Dostoyewski ; [traducción de alfonso Nadal]. |
| 260 |
_aBarcelona : _bComar, _c[1962] |
||
| 300 |
_a429 p., 8 lám. ; _c24 cm. |
||
| 700 | 1 |
_aNadal, Alfonso. _984791 |
|
| 852 |
_aES-MaACL _jC-21172 _bR.49720 |
||
| 999 |
_c57811 _d57811 |
||